Mecánica de fluidos : Problemas resueltos
| Main Author: | |
|---|---|
| Format: | Section = Libro |
| Language: | Undetermined Spanish |
| Published: |
España
McGraw-Hill
2005
|
| Subjects: |
| LEADER | 00532nam a2200193Ia 4500 | ||
|---|---|---|---|
| 008 | 240830s9999 xx 000 0 und d | ||
| 020 | |a 84-481-9889-1 | ||
| 040 | |a CEDOC FIQ-RUSB / 532 M486 | ||
| 041 | |a spa | ||
| 082 | |a 532 M486 | ||
| 100 | 1 | |a López Herrera, José Maria | |
| 245 | 1 | 0 | |a Mecánica de fluidos : Problemas resueltos |
| 260 | |a España |b McGraw-Hill |c 2005 | ||
| 300 | |a 264 p. :il | ||
| 650 | 7 | |a MECANICA DE FLUIDO | |
| 650 | 7 | |b MECANICA DE FLUIDO-PROBLEMAS-EJERCICIO | |
| 942 | |c BK |2 ddc | ||
| 991 | |a TEXTO | ||
| 999 | |c 13561 | ||